Annual survey concerning competitive conditions in the steel industry and industry efforts to adjusts and modernize
Gespeichert in:
| Format: | Buch |
|---|---|
| Sprache: | Undetermined |
| Veröffentlicht: |
Wahington
USITC
1988
|
| Schlagworte: | |
| Tags: |
Tag hinzufügen
Keine Tags, Fügen Sie den ersten Tag hinzu!
|
| Thư viện lưu trữ: | Trung tâm Học liệu Trường Đại học Cần Thơ |
|---|
| LEADER | 00494nam a2200157Ia 4500 | ||
|---|---|---|---|
| 001 | CTU_99581 | ||
| 008 | 210402s9999 xx 000 0 und d | ||
| 082 | |a 338.47669 | ||
| 082 | |b A615 | ||
| 245 | 0 | |a Annual survey concerning competitive conditions in the steel industry and industry efforts to adjusts and modernize | |
| 260 | |a Wahington | ||
| 260 | |b USITC | ||
| 260 | |c 1988 | ||
| 650 | |a Steel industry and trade | ||
| 904 | |i Truc | ||
| 980 | |a Trung tâm Học liệu Trường Đại học Cần Thơ | ||